000 00943cam a2200277 a 4500
001 16893522
003 OSt
005 20181108164336.0
008 110728s2012 nyuab 000 0 eng
010 _a 2011029792
020 _a9780205741885 (pbk. : alk. paper)
020 _a0205741886 (alk. paper)
040 _aDLC
_cDLC
_dDLC
050 0 0 _aPE1417
_b.B35 2012
082 0 0 _a808/.0427
_223
100 1 _aBarnhisel, Greg,
_d1969-
245 1 0 _aConnecting with culture :
_breadings for writers /
_c[edited by] Greg Barnhisel.
250 _a1st ed.
260 _aBoston :
_bPearson Longman,
_cc2012.
300 _axvi, 603 p. :
_bill., maps ;
_c23 cm.
650 0 _aCollege readers.
650 0 _aEnglish language
_xRhetoric
_xStudy and teaching (Higher)
906 _a7
_bcbc
_corignew
_d1
_eecip
_f20
_gy-gencatlg
942 _2lcc
_cBK
999 _c53776
_d53776